Statistiques concernant Culture Pop par lettre - O

Cliquez ici pour prendre le quiz!

Statistiques générales

  • Ce quiz a été pris 1 584 fois
    (219 depuis la dernière actualisation)
  • Le résultat moyen est 10 sur 15

Statistiques - réponses

CatégorieIndiceRéponse% Correct
Film d'animationLe bonhomme de neige dans le dessin animé "La Reine des Neiges"Olaf
99%
CélébritéAncien président américain (2009 - 2017), né à HawaiiObama
93%
MangaTitre de la série de manga suivant les aventures de LuffyOne Piece
90%
FilmSérie de films dont le personnage principal est issu de romans policiers des années 1950 et est interprété à l'écran dans ses dernières adaptations parodiques par Jean DujardinOSS 117
89%
SérieDans une prison pour femme aux États-Unis, cette série, inspirée d'une histoire vraie, suit l'histoire de Piper KermanOrange Is The New Black
85%
InternetLes mots à prononcer pour activer la recherche vocal d'un moteur de recherche faisant parti des GAFAMOk Google
78%
FilmPremier opus d'une série de film sorti en 2001, dans lequel George Clooney forme un groupe cambrioleur pour dérober trois casinos en même temps à Las VegasOcean's 11
74%
Marque"Shake the world" / "Secouez-Moi"Orangina
74%
SérieSitcom américaine des années 2000 / début 2010, dont de nombreuses répliques sont devenues cultes : "That's what she said", "No God, Please No!"The Office
63%
EvenementCampagne annuelle de sensibilisation au dépistage du cancer du seinOctobre Rose
53%
SérieSérie Netflix dont la description est : "Sur une île où les inégalités sont accentuées, John B. recrute ses 3 meilleurs amis pour partir à la recherche d'un trésor légendaire lié à la disparition de son père"Outer Banks
49%
MarqueComplétez le slogan : "O........ ........, une nouvelle vision de la vie"Optic 2000
48%
ChansonTitre d'une chanson de Britney Spears, sortie en 2000, dont le clip se déroule sur MarsOops... I Did It Again !
43%
ComicsL'identité civile de Green ArrowOliver Queen
42%
TermeQue signifie en fanfiction le terme "OC" pour désigner un personnage ?Original Character / Personnage Original créé par l'auteur
35%

Distribution des résultats

Percentile par nombre de réponses

% des personnes avec chaque résultat

Votre développement - résultats

Vous n’avez pas pris ce quiz depuis la dernière actualisation